Youtubeurs Français #2 - Statistiques

Statistiques générales
  • Ce quiz a été pris 1 441 fois
  • Le résultat moyen est 8 sur 16
Statistiques - réponses
Par images Réponse % Correct
Mastu
98%
Amixem
90%
AmineMaTue
77%
SEB
76%
Théodort
76%
Doigby
68%
RebeuDeter
68%
Maxence
53%
Étienne Moustache
49%
Zafeel
47%
TheKAIRI78
43%
Shayvise
41%
Hctuan
37%
Chilo Lochi
5%
Hugo Roth Raza
2%
BLC TV
0%
Aucun quiz correspondant
Distribution des résultats
% des personnes avec chaque résultat
Percentile par nombre de réponses
Votre historique - résultats
Vous n’avez pas pris ce quiz